Principes du droit / (Record no. 166243)

MARC details
000 -LEADER
campo de control de longitud fija 00504nam a22001695i 4500
001 - NÚMERO DE CONTROL
campo de control 166243
003 - IDENTIFICADOR DE NÚMERO DE CONTROL
campo de control ES-MaACL
005 - FECHA Y HORA DE LA ÚLTIMA TRANSACCIÓN
campo de control 20230906213306.0
008 - DATOS DE LONGITUD FIJA--INFORMACIÓN GENERAL
campo de control de longitud fija 981020s1857 fr |||| | fre d
040 ## - FUENTE DE CATALOGACIÓN
Centro catalogador/agencia de origen CCPB | B
Lengua de catalogación spa
Centro/agencia transcriptor CCPB | B
100 1# - ENTRADA PRINCIPAL--NOMBRE DE PERSONA
Nombre de persona Thiercelin, H.
9 (RLIN) 133214
245 10 - MENCIÓN DEL TÍTULO
Título Principes du droit /
Mención de responsabilidad, etc. par H. Thiercelin.
260 ## - PUBLICACIÓN, DISTRIBUCIÓN, ETC.
Lugar de publicación, distribución, etc. Paris :
Nombre del editor, distribuidor, etc. Guillaumin et C\pie\s,
Fecha de publicación, distribución, etc. 1857.
300 ## - DESCRIPCIÓN FÍSICA
Extensión XX, 340 p. ;
Dimensiones 22 cm.
651 #4 - PUNTO DE ACCESO ADICIONAL DE MATERIA--NOMBRE GEOGRÁFICO
Nombre geográfico Francia-
Subdivisión general Derecho.
9 (RLIN) 137172
852 ## - LOCALIZACIÓN
Ubicación ES-MaACL
Número de control de estantería C-2669
Nota libre -- Enc. hol.
Holdings
Estatus retirado Estado de pérdida Estado de daño No para préstamo Colección Biblioteca de origen Biblioteca actual Ubicación en estantería Fecha de adquisición Fuente de adquisición Total de préstamos Signatura topográfica completa Código de barras Visto por última vez Precio de reemplazo Tipo de ítem Koha
        Libros del s. XIX Biblioteca del Ateneo de Madrid Biblioteca del Ateneo de Madrid Sala Palomar 17/01/2008     C-2669 1174343 23/02/2023 23/02/2023 Libro impreso antiguo